000 00503nam a2200181Ia 4500
005 20250326124134.0
008 250326s9999 xx 000 0 und d
037 _aTextbook
040 _aFMSL
_beng
_cFMSL
041 _aeng
_2eng
084 _aX:51y7 J8
_qFMSL
100 _aBoyd H W
245 0 _aCases in marketing strategy
_cBoyd H W; Clewett R M And Others
260 _aUSA
_bUSA, Richard D Irwin
_c1958
300 _a239p
942 _cTB
_hX:51y7 J8
999 _c1272447
_d1272447